5HLuxD.jpg

KING HENRY VIII SENIOR AND PRIMARY SCHOOL LIBRARY OPAC

Endgamn / (Record no. 3757)

000 -LEADER
fixed length control field 01328nam a22002177a 4500
003 - CONTROL NUMBER IDENTIFIER
control field OSt
005 - DATE AND TIME OF LATEST TRANSACTION
control field 20241021104352.0
008 - FIXED-LENGTH DATA ELEMENTS--GENERAL INFORMATION
fixed length control field 241021b ||||| |||| 00| 0 eng d
020 ## - INTERNATIONAL STANDARD BOOK NUMBER
International Standard Book Number 9780241443996
040 ## - CATALOGING SOURCE
Transcribing agency KH8
082 ## - DEWEY DECIMAL CLASSIFICATION NUMBER
Classification number FIC BLA
100 ## - MAIN ENTRY--PERSONAL NAME
Personal name Blackman, Malorie,
Relator term author.
245 ## - TITLE STATEMENT
Title Endgamn /
Statement of responsibility, etc. Malorie Blackman.
260 ## - PUBLICATION, DISTRIBUTION, ETC.
Place of publication, distribution, etc. London:
Name of publisher, distributor, etc. Penguin Book
Date of publication, distribution, etc. 2021.
300 ## - PHYSICAL DESCRIPTION
Extent 486 pages :
Other physical details genealogical table ;
Dimensions 20 cm.
520 ## - SUMMARY, ETC.
Summary, etc. We didn't do love, hatred, friendship or retribution easily. But, when we did, it was with our whole chest. The first Nought prime ministers, Tobey Durbridge, is about to go on trial for the murder of notorious ganglord Dan Jeavons. Tobey insists he is being framed. There were ten seats at Dan's dinner party the night he was killed and each guest had their own reasons for wishing him dead. Sephy Hadley was one of the guests that night. Haunted by the idea that she didn't do enough to stop the death of her first love, Callum McGregor, Sephy will not sit quietly and wait for accusations to fall on her now. She has her children to protect ... It's time that actions spoke more loudly than words. Time for the truth to be unearthed. Time for the endgame.
650 ## - SUBJECT ADDED ENTRY--TOPICAL TERM
Topical term or geographic name entry element Teenage fiction & true stories
650 ## - SUBJECT ADDED ENTRY--TOPICAL TERM
Topical term or geographic name entry element Family issues
650 ## - SUBJECT ADDED ENTRY--TOPICAL TERM
Topical term or geographic name entry element Racism & multicul
942 ## - ADDED ENTRY ELEMENTS (KOHA)
Source of classification or shelving scheme
Koha item type Books - Fiction
Holdings
Withdrawn status Lost status Source of classification or shelving scheme Damaged status Not for loan Collection code Permanent Location Current Location Shelving location Date acquired Total Checkouts Total Renewals Full call number Barcode Date last seen Date last checked out Price effective from Koha item type
          Fiction KH8 Senior School Library KH8 Senior School Library Fiction 2024-10-21 1 1 FIC BLA 3KHSL000102100 2025-06-18 2025-02-03 2024-10-21 Books - Fiction

Powered By KH8 IT Dept